[Event "Manila ol (Women)"]
[Site "Manila"]
[Date "1992.??.??"]
[Round "?"]
[White "Misanovic, Vesna"]
[Black "Makropoulou, Marina"]
[Result "1/2-1/2"]
[WhiteElo "2320"]
[BlackElo "2305"]

1.d4 Nf6 2.c4 g6 3.Nc3 Bg7 4.e4 d6 5.Be2 O-O 6.Nf3 e5 7.d5 a5 8.Bg5 h6 9.Bh4 Na6
10.Nd2 Qe8 11.a3 Bd7 12.b3 Nc5 13.Rb1 Nfxe4 14.Ndxe4 Nxe4 15.Nxe4 f5 16.Nd2 g5
17.Bg3 f4 18.Bd3 fxg3 19.hxg3 Qf7 20.Ne4 Bf5 21.Qe2 Qd7 22.O-O b6 23.Nd2 g4
24.Bxf5 Qxf5 25.Ne4 Rf7 26.b4  1/2-1/2

[Event "Manila ol (Women)"]
[Site "Manila"]
[Date "1992.??.??"]
[Round "?"]
[White "Voiska, Margarita"]
[Black "Baginskaite, Kamile"]
[Result "1/2-1/2"]
[WhiteElo "2345"]
[BlackElo "2280"]

1.c4 Nf6 2.Nc3 g6 3.Nf3 Bg7 4.d4 d6 5.e4 O-O 6.Be2 e5 7.d5 Nh5 8.g3 Na6 9.O-O h6
10.Ne1 Bh3 11.Ng2 f5 12.exf5 Rxf5 13.Bg4 Bxg4 14.Qxg4 Nc5 15.Qxg6 Qf6 16.Qg4 e4
17.Be3 Rf8 18.Nh4 Re5 19.Ng6 Rg5 20.Bxg5 Qxg6 21.h4 hxg5 22.Nb5 Bxb2 23.Rab1 Nd3
24.Nxc7 Rf7 25.Rxb2 Nxb2 26.Ne6 Nf6 27.Qxg5 Qxg5 28.hxg5 Ng4 29.c5 dxc5 30.Nxc5 Nd3
31.Nxe4 Rf5 32.d6 Rd5 33.f3 Rd4 34.d7 Nge5 35.Nf6+ Kf7 36.f4 Nxd7 37.Ng4 Kg6
38.Kg2 N7c5 39.Rh1 Nb4 40.Ne5+ Kg7 41.g6 Rd2+ 42.Kf3 Nd5 43.Rh7+ Kg8 44.Nf7 Rd3+
45.Kg2 Ne3+ 46.Kh3 Nf5 47.Kg4 Rd5 48.Ne5 Ng7 49.Nf7 Nf5 50.Ne5 Ng7 51.Nf7  1/2-1/2

[Event "Manila ol (Men)"]
[Site "Manila"]
[Date "1992.??.??"]
[Round "?"]
[White "Cooper, John Grantley"]
[Black "Mortensen, Erling"]
[Result "0-1"]
[WhiteElo "2360"]
[BlackElo "2430"]

1.d4 Nf6 2.c4 g6 3.Nc3 Bg7 4.e4 d6 5.Nf3 O-O 6.Be2 e5 7.d5 a5 8.Bg5 h6 9.Bh4 Na6
10.Nd2 Qe8 11.a3 Bd7 12.b3 Nh7 13.f3 h5 14.O-O Bh6 15.Rb1 Nc5 16.Qc2 f5 17.b4 axb4
18.axb4 Na4 19.Nb5 Bxb5 20.cxb5 Be3+ 21.Bf2 Bxf2+ 22.Rxf2 fxe4 23.Nxe4 Qe7
24.Rc1 Rf7 25.Ra1 Nb6 26.Rxa8+ Nxa8 27.Qa2 Nb6 28.Qa7 Nf6 29.Qxb7 Nfxd5 30.Bc4 Nxc4
31.Qxd5 Nb6 32.Qd3 d5 33.Nc5 Qf6 34.Rf1 h4 35.h3 Kg7 36.Rc1 Re7 37.Na6 e4
38.fxe4 dxe4 39.Qc3 Qxc3 40.Rxc3 Nd5 41.Rc4 e3 42.Rc1 Kh6 43.Kf1 Nf4 44.Nc5 e2+
45.Kf2 Nxg2 46.Nd3 e1=Q+ 47.Nxe1 Nxe1 48.Rc3 Kg5 49.Kf1 Kf4 50.Rc4+ Kg3 51.Rg4+ Kxh3
52.Rxg6 Nd3  0-1

[Event "Manila ol (Men)"]
[Site "Manila"]
[Date "1992.??.??"]
[Round "?"]
[White "Annageldiev, Orazly"]
[Black "Grivas, Efstratios"]
[Result "0-1"]
[WhiteElo "2420"]
[BlackElo "2465"]

1.d4 Nf6 2.c4 g6 3.Nc3 Bg7 4.e4 d6 5.Nf3 O-O 6.Be2 e5 7.dxe5 dxe5 8.Qxd8 Rxd8
9.Bg5 Re8 10.O-O-O Na6 11.Ne1 h6 12.Bh4 Be6 13.Nc2 c6 14.Rd2 Nc5 15.f3 a5
16.b3 h5 17.Bg5 Nfd7 18.Rhd1 f6 19.Be3 Bf8 20.Kb2 Be7 21.Ne1 Kf7 22.Kc2 Rec8
23.Nd3 Nxd3 24.Rxd3 Nc5 25.Bxc5 Bxc5 26.Na4 Bd4 27.c5 Rc7 28.Rxd4 exd4 29.Rxd4 Re8
30.Nb6 Kg7 31.Ra4 f5 32.Kd2 fxe4 33.fxe4 Rce7 34.Bf3 g5 35.Bxh5 Rh8 36.g4 Rf8
37.Ke3 Rf1 38.Kd4 Rf4 39.Kd3 Rf3+ 40.Kd4 Rf4 41.Kd3 Kf6 42.Rxa5 Ke5 43.Kc3 Rxe4
44.Ra7 Bxg4 45.Bxg4 Rxg4 46.Nc4+ Kd5 47.Kb4 Rh4 48.Ra8 Ke6 49.Ka5 Rxh2 50.Kb6 Rhh7
51.Ne3 Rhg7 52.Ra4 Kf6 53.Ng4+ Kf5 54.Nh2 g4 55.Rd4 g3 56.Nf3 g2  0-1

[Event "Manila ol (Women)"]
[Site "Manila"]
[Date "1992.??.??"]
[Round "?"]
[White "Tazhieva, Lyazzat"]
[Black "Turauskiene, Renata"]
[Result "1-0"]
[WhiteElo "2190"]
[BlackElo "2280"]

1.d4 g6 2.c4 Bg7 3.e4 d6 4.Nc3 Nf6 5.Be2 O-O 6.Nf3 Nbd7 7.O-O e5 8.Re1 h6
9.Bf1 Re8 10.Rb1 exd4 11.Nxd4 Nc5 12.f3 a5 13.Ndb5 Be6 14.Be3 Nfd7 15.Qd2 Kh7
16.Nd5 Bxd5 17.cxd5 Ne5 18.Rbd1 b6 19.b3 Na6 20.Rc1 Nc5 21.Nd4 Qh4 22.Bb5 Rf8
23.Bf2 Qg5 24.f4  1-0

[Event "Manila ol (Men)"]
[Site "Manila"]
[Date "1992.??.??"]
[Round "?"]
[White "Savva, Panikos"]
[Black "Sousa, Armindo"]
[Result "0-1"]
[WhiteElo "2205"]
[BlackElo "2285"]

1.d4 Nf6 2.c4 g6 3.Nc3 Bg7 4.e4 d6 5.Nf3 O-O 6.Be2 e5 7.dxe5 dxe5 8.Qxd8 Rxd8
9.Bg5 Re8 10.Nd5 Nxd5 11.cxd5 c6 12.Bc4 cxd5 13.Bxd5 Nd7 14.Nd2 Nc5 15.Ke2 Ne6
16.Be3 Nf4+ 17.Bxf4 exf4 18.Rac1 Re7 19.b3 Bg4+ 20.f3 Be6 21.Bxe6 Rxe6 22.Rc7 b5
23.Rhc1 Bd4 24.Rc8+ Rxc8 25.Rxc8+ Kg7 26.Nb1 Bg1 27.h3 Ra6 28.Rc2 Bd4 29.Kd3 Rd6
30.Nc3 Bxc3+ 31.Kxc3 Kf6 32.Kb4 a6 33.a4 bxa4 34.bxa4 Kg5 35.a5 Kh4 36.Kc5 Re6
37.Rb2 Kg3 38.Rb6 Kxg2 39.Rxe6 fxe6 40.Kb6 Kxf3 41.Kxa6 Kg3 42.Kb6 f3 43.a6 f2
44.a7 f1=Q 45.a8=Q Qxh3 46.Kc5 h5 47.Kd6 Qg4 48.e5 h4 49.Qh1 h3 50.Qg1+ Kh4
51.Qf2+ Kh5 52.Qf6 Qf5  0-1

[Event "Manila ol (Women)"]
[Site "Manila"]
[Date "1992.??.??"]
[Round "?"]
[White "Johansson, Victoria"]
[Black "Turauskiene, Renata"]
[Result "1-0"]
[WhiteElo "2155"]
[BlackElo "2280"]

1.d4 Nf6 2.c4 g6 3.Nc3 Bg7 4.e4 d6 5.Be2 O-O 6.Nf3 Nbd7 7.O-O e5 8.Re1 h6
9.Bf1 Nh7 10.Be3 Ng5 11.Nxg5 hxg5 12.Qd2 exd4 13.Bxd4 Be5 14.Be3 g4 15.Rad1 c6
16.Be2 Qh4 17.Bf4 Kg7 18.Qe3 Rh8 19.Bg3 Qh5 20.Na4 Nf6 21.Bd3 Nh7 22.c5 Ng5
23.Bxe5+ dxe5 24.Qg3 Ne6 25.Bc4 Nd4 26.b3 Be6 27.Nb2 Rad8 28.Bf1 b5 29.cxb6 axb6
30.Nc4 Bxc4 31.Bxc4 b5 32.Bf1 Rd7 33.Rc1 Ra7 34.Rc5 f6 35.Rd1 Rd8 36.Ra1 Ra3
37.Qe3 Rh8 38.Qg3 b4 39.Rc4 Nxb3 40.Rxb4 Nxa1 41.Rb7+ Kf8 42.Qxa3+ Kg8 43.Qa8+  1-0

[Event "Manila ol (Men)"]
[Site "Manila"]
[Date "1992.??.??"]
[Round "?"]
[White "Dridi, Ali"]
[Black "Moutousis, Konstantinos"]
[Result "0-1"]
[WhiteElo "2205"]
[BlackElo "2405"]

1.d4 Nf6 2.c4 g6 3.Nc3 Bg7 4.e4 d6 5.Be2 O-O 6.Nf3 e5 7.O-O Na6 8.d5 Nc5
9.Qc2 a5 10.Ne1 b6 11.b3 Ne8 12.Be3 f5 13.f3 Nf6 14.exf5 gxf5 15.g3 f4 16.Bf2 fxg3
17.hxg3 e4 18.f4 Bh3 19.Ng2 Qd7 20.Rae1 Rae8 21.Be3 h5 22.Bd1 Ng4 23.Bxg4 Qxg4  0-1

[Event "Manila ol (Women)"]
[Site "Manila"]
[Date "1992.??.??"]
[Round "?"]
[White "Baumann, Claude"]
[Black "Kunte, Mrunalini"]
[Result "1/2-1/2"]
[WhiteElo "2085"]
[BlackElo "2090"]

1.d4 Nf6 2.c4 g6 3.Nc3 Bg7 4.e4 d6 5.Nf3 O-O 6.Be2 e5 7.dxe5 dxe5 8.Qxd8 Rxd8
9.Bg5 c6 10.Nxe5 Re8 11.f4 h6 12.Bh4 g5 13.fxg5 hxg5 14.Bg3 Na6 15.O-O Nxe4
16.Nxe4 Bxe5 17.Bxe5 Rxe5 18.Bd3 Be6 19.Rae1 Kg7 20.b3 Rd8 21.Bb1 b5 22.cxb5 cxb5
23.Rd1 Rxd1 24.Rxd1 Nc5 25.Nxc5  1/2-1/2

[Event "Manila ol (Men)"]
[Site "Manila"]
[Date "1992.??.??"]
[Round "?"]
[White "Bouaziz, Slim"]
[Black "Yrjola, Jouni"]
[Result "1/2-1/2"]
[WhiteElo "2385"]
[BlackElo "2485"]

1.d4 Nf6 2.Nf3 g6 3.c4 Bg7 4.Nc3 O-O 5.e4 d6 6.Be2 e5 7.dxe5 dxe5 8.Qxd8 Rxd8
9.Bg5 c6 10.Nxe5 Re8 11.O-O-O Na6 12.Rd6 Be6 13.Rhd1 Nc5 14.Bxf6 Bxf6 15.f4 a5
16.b3 Rac8 17.Nd3 Nxb3+ 18.axb3 Bxc3  1/2-1/2

[Event "Manila ol (Men)"]
[Site "Manila"]
[Date "1992.??.??"]
[Round "?"]
[White "Van Wely, Loek"]
[Black "Sepp, Olav"]
[Result "1-0"]
[WhiteElo "2560"]
[BlackElo "2335"]

1.d4 Nf6 2.c4 g6 3.Nc3 Bg7 4.e4 d6 5.Nf3 O-O 6.Be2 e5 7.O-O Na6 8.Be3 Ng4
9.Bg5 Qe8 10.dxe5 dxe5 11.h3 h6 12.Bd2 Nf6 13.Be3 Nd7 14.a3 f5 15.b4 f4 16.Bc1 c6
17.c5 Kh7 18.Bb2 Nc7 19.Nb1 Qe7 20.Nbd2 Rd8 21.Qc2 Ne6 22.Rfd1 Nd4 23.Nxd4 exd4
24.Nf3 Ne5 25.Nxd4 Qg5 26.Kf1 Bxh3 27.gxh3 Qh4 28.Qb3 f3 29.Bxf3 Rf8 30.Kg1 Rad8
31.Bg2 Rxf2 32.Rf1 Rxb2 33.Qxb2 Rxd4 34.Qf2 Qd8 35.Qe2 Rd2 36.Rad1 Qd4+ 37.Kh1 Rxe2
38.Rxd4 Ra2 39.Rd8 Rxa3 40.Rb8 a5 41.b5 cxb5 42.Rxb7 b4 43.c6 Rc3 44.c7 b3
45.Rf8 b2 46.c8=Q Rxc8 47.Rxc8 Nd3 48.Rcc7 Nb4 49.Rxg7+ Kh8 50.Rgf7  1-0

[Event "Manila ol (Women)"]
[Site "Manila"]
[Date "1992.??.??"]
[Round "?"]
[White "Akhmilovskaya, Elena"]
[Black "Velikhanli, Firuza"]
[Result "1-0"]
[WhiteElo "2405"]
[BlackElo "2230"]

1.d4 Nf6 2.c4 g6 3.Nc3 Bg7 4.e4 d6 5.Nf3 O-O 6.Be2 e5 7.dxe5 dxe5 8.Qxd8 Rxd8
9.Bg5 Re8 10.Nd5 Nxd5 11.cxd5 c6 12.Bc4 b5 13.Bb3 Bb7 14.Rc1 h6 15.Be3 Rc8
16.Nd2 Nd7 17.dxc6 Bxc6 18.Ke2 a5 19.Rhd1 a4 20.Rxc6 Rxc6 21.Bd5 Rac8 22.Bxc6 Rxc6
23.Nb1 Nf6 24.f3 Nh5 25.Rc1 Rxc1 26.Bxc1 Nf4+ 27.Bxf4 exf4 28.b3 Kf8 29.Na3 axb3
30.axb3 b4 31.Nc2 Bc3 32.Kd3 Ke7 33.Kc4 Kd6 34.Nxb4 Bd2 35.Nd5 g5 36.b4 Be1
37.Nf6 Ke6 38.Ng8 h5 39.Nh6 Bf2 40.Kb5 Bg1 41.h3 g4 42.Kc6 Bd4 43.hxg4 hxg4
44.Nxg4 f5 45.exf5+ Kxf5 46.b5  1-0

[Event "Manila ol (Women)"]
[Site "Manila"]
[Date "1992.??.??"]
[Round "?"]
[White "Kadimova, Ilaha"]
[Black "De Vries, Sylvia"]
[Result "0-1"]
[WhiteElo "2265"]
[BlackElo "2180"]

1.d4 Nf6 2.c4 g6 3.Nc3 Bg7 4.e4 d6 5.Be2 O-O 6.Nf3 e5 7.d5 a5 8.Bg5 h6 9.Bh4 Na6
10.Nd2 Qe8 11.O-O Nh7 12.a3 Bd7 13.Nb5 f5 14.exf5 gxf5 15.Bh5 Qb8 16.f4 Nf6
17.Be2 Qe8 18.Nf3 Ng4 19.Qd2 exf4 20.Kh1 Ne3 21.Rfe1 Bxb5 22.cxb5 Nc5 23.Rab1 Kh8
24.Ng1 Ne4 25.Qd3 Qe7 26.Nf3 Qf7 27.Bd1 Nc5 28.Qe2 Qxd5 29.g3 Rfe8 30.gxf4 Nd3
31.Rg1 Nxf4 32.Qe1 Nxd1 33.Qxd1 Qxd1 34.Rgxd1 Re3 35.Nd4 Ng6 36.Bf2 Bxd4
37.Rxd4 Re2 38.Be1 Ne5 39.Bc3 Kh7 40.Rf4 Ng4 41.Rxf5 Kg6 42.Rbf1 Rxh2+ 43.Kg1 Rg2+
44.Kh1 Rh2+ 45.Kg1 Re2 46.Rf7 Rg8 47.Rxc7 Kh5 48.Rg7 Rxg7 49.Bxg7 Kh4 50.Rf3 Ne5
51.Bxe5 dxe5 52.Rf7 Rxb2 53.Rxb7 Rb3 54.Kf2 a4 55.b6 Rxa3 56.Ra7 Rb3 57.Rxa4+ Kg5
58.Ra8 Rxb6 59.Ke3 Kf5 60.Rf8+ Rf6 61.Rh8 Ra6  0-1

[Event "Manila ol (Women)"]
[Site "Manila"]
[Date "1992.??.??"]
[Round "?"]
[White "Litinskaya, Marta I"]
[Black "Sakhatova, Elvira"]
[Result "1/2-1/2"]
[WhiteElo "2370"]
[BlackElo "2190"]

1.d4 Nf6 2.c4 g6 3.Nc3 Bg7 4.e4 d6 5.Nf3 O-O 6.Be2 e5 7.d5 a5 8.Bg5 h6 9.Bh4 Na6
10.Nd2 Qe8 11.O-O Nh7 12.a3 f5 13.exf5 Bxf5 14.f3 g5 15.Bf2 Nf6 16.Nde4 b6
17.Bd3 Nxe4 18.Bxe4 Qg6 19.Qc2 Bxe4 20.fxe4 h5 21.Be3 g4 22.Rxf8+ Rxf8 23.Rf1 Rxf1+
24.Kxf1 Bh6 25.Bg1 Qg5 26.Ke2 h4 27.Nd1 g3 28.h3 Nc5 29.Bxc5 bxc5 30.Qc3 Kh8
31.b3 Kh7 32.Kd3 Qf4 33.Qc2 Qf1+ 34.Qe2 Qf4 35.Qc2 Qf1+ 36.Qe2 Qf4 37.Nc3 Qc1
38.a4 Qg1 39.Nd1 Qd4+ 40.Kc2 Qa1 41.Nc3 Qc1+ 42.Kd3 Qg1 43.Nd1 Qd4+ 44.Kc2 Qa1
45.Nc3 Qc1+ 46.Kd3 Qg1  1/2-1/2

[Event "Manila ol (Women)"]
[Site "Manila"]
[Date "1992.??.??"]
[Round "?"]
[White "Kadimova, Ilaha"]
[Black "Gurieli, Nino"]
[Result "0-1"]
[WhiteElo "2265"]
[BlackElo "2375"]

1.d4 Nf6 2.c4 g6 3.Nc3 Bg7 4.e4 d6 5.Be2 O-O 6.Nf3 e5 7.d5 a5 8.Bg5 h6 9.Bh4 Na6
10.Nd2 Qe8 11.O-O Bd7 12.Nb5 h5 13.a3 Nh7 14.f3 Bh6 15.Qc2 Be3+ 16.Kh1 f5
17.exf5 gxf5 18.Rab1 Kh8 19.Qc3 f4 20.b4 axb4 21.axb4 Rg8 22.Bd3 Qf7 23.Ne4 Qg7
24.g3 fxg3 25.hxg3 Raf8 26.Qe1 Bg5 27.Nxg5 Nxg5 28.Qe3 Nh3 29.Kh2 Rf4 30.Qd2 Rxh4
31.gxh4 Qg3+ 32.Kh1 Nf4 33.Be4 Qxh4+ 34.Qh2 Qxh2+ 35.Kxh2 Rg2+ 36.Kh1 Bh3
37.Nc3 h4 38.Rfc1 Nh5 39.Ne2 Rxe2 40.Rc2 Ng3+ 41.Kg1 Rxc2 42.Bxc2 Bf5 43.Bxf5 Nxf5
44.b5 Nc5 45.Ra1 Kg7 46.Ra8 Ne3 47.Rc8 Nxc4 48.Rxc7+ Kf6 49.Rh7 Nb6 50.Rh6+ Ke7
51.Rh7+ Kd8 52.Rh8+ Kc7 53.Rh7+ Ncd7 54.Rxh4 Nxd5 55.Kf2 Kb6  0-1

[Event "Manila ol (Men)"]
[Site "Manila"]
[Date "1992.??.??"]
[Round "?"]
[White "Spraggett, Kevin"]
[Black "Ho Van Huynh"]
[Result "1-0"]
[WhiteElo "2545"]
[BlackElo "2360"]

1.c4 Nf6 2.Nc3 g6 3.e4 d6 4.d4 Bg7 5.Nf3 O-O 6.Be2 e5 7.O-O exd4 8.Nxd4 Re8
9.f3 c6 10.Kh1 d5 11.cxd5 cxd5 12.Bg5 dxe4 13.fxe4 h6 14.Bxf6 Bxf6 15.Bc4 Rf8
16.Nd5 Bg7 17.e5 Bxe5 18.Re1 Nd7 19.Rc1 Kh8 20.Bb3 Bg7 21.Nc7 Rb8 22.Ndb5 Qf6
23.Ne8 Qxb2 24.Ned6 Qf6 25.Nxc8 Rfxc8 26.Nd6 Rf8 27.Rc7 Nb6 28.Nxf7+ Kh7
29.Rf1  1-0

[Event "Manila ol (Men)"]
[Site "Manila"]
[Date "1992.??.??"]
[Round "?"]
[White "Olsen, Heini"]
[Black "Rayner, Francis"]
[Result "1-0"]
[WhiteElo "2245"]
[BlackElo "2270"]

1.d4 Nf6 2.c4 g6 3.Nc3 Bg7 4.e4 d6 5.Nf3 O-O 6.Be2 e5 7.O-O exd4 8.Nxd4 Re8
9.f3 c6 10.Nc2 Na6 11.Be3 Nc7 12.Qd2 d5 13.cxd5 cxd5 14.Rad1 Be6 15.Bg5 Qd6
16.e5 Qxe5 17.Bf4 Qh5 18.Bxc7 d4 19.Nxd4 Qc5 20.Bg3 Rad8 21.Bf2 Qa5 22.Qc1 Rc8
23.Nxe6 Rxe6 24.Rfe1 Nh5 25.Bf1 Rec6 26.g4 Nf6 27.Qd2 Bf8 28.Qf4 a6 29.Bd4 Bd6
30.Qd2 Bc5 31.Bxc5 Qxc5+ 32.Qd4 Qa5 33.a3 h5 34.Re5  1-0

[Event "Manila ol (Women)"]
[Site "Manila"]
[Date "1992.??.??"]
[Round "?"]
[White "Csonkics, Tunde"]
[Black "Lindri, Juni Wijayanti"]
[Result "1-0"]
[WhiteElo "2345"]
[BlackElo "2070"]

1.d4 Nf6 2.c4 g6 3.Nc3 Bg7 4.e4 d6 5.Be2 O-O 6.Nf3 e5 7.Be3 Nc6 8.d5 Ne7
9.Nd2 Ne8 10.c5 f5 11.f3 Nf6 12.Rc1 Bd7 13.cxd6 cxd6 14.O-O f4 15.Bf2 h5
16.Nc4 Ne8 17.a4 g5 18.Nb5 Bxb5 19.axb5 b6 20.Na3 Kh7 21.Nc2 Nf6 22.Nb4 Qd7
23.h3 Rg8 24.Na6 Rac8 25.Qd3 Bh6 26.Rxc8 Rxc8 27.Nb4 Rc7 28.Ra1 Kg6 29.Nc6 Nc8
30.Kf1 Bf8 31.Ke1 Bh6 32.Ra3 Kf7 33.Rc3 Ne8 34.Qc2 Bg7 35.Kd1 Bh6 36.Be1 Kg6
37.Rc4 Kf7 38.Qb3 Kg6 39.Bc3 Bg7 40.Bd2 Bf6 41.Nb8 Qd8 42.Ra4 Ne7 43.Na6 Rc8
44.Qa2 Qd7 45.Nb4 Rc7 46.Bc3 Nc8 47.Nc6 Kh6 48.Ra3 Bg7 49.Qb1 Bf6 50.Bb4 Kg7
51.Rc3 Kg6 52.Qd3 Kg7 53.Rc2 Kg6 54.Qa3 Qh7 55.Rd2 Rb7 56.Ke1 Kh6 57.Kf1 Rc7
58.Rc2 Kg6 59.Qd3 Kh6 60.Ke1 Kg6 61.Kd1 Kh6 62.Be1 h4 63.Rc4 Qf7 64.Ra4 Kg6
65.Qa3 Rb7 66.Nb4 Rc7 67.Na6 Bd8 68.Nxc7 Bxc7 69.Rc4 Qd7 70.Qa6 Kf7 71.Qb7 Ke7
72.Bb4 Kd8 73.Rc6 Qe7 74.Rc3 Qd7 75.Kc1 Nf6 76.Kb1 Ne8 77.Ra3 Ke7 78.Qa8 Qd8
79.Qc6 Nf6 80.Bc3 Kf8 81.Ra4 Qe7 82.Rc4 Ne8 83.Bd1 Kf7 84.Bb3 Kf6 85.Bb4 Qd8
86.Rc1 Ne7 87.Qc4 Bb8 88.Bc3 Qd7 89.Rd1 Ng6 90.Qf1 Bc7 91.Rc1 Ke7 92.Bd2 Kd8
93.Rc6 Bb8 94.Kc2 Nc7 95.Qc4 Ne8 96.Bc3 Bc7 97.Qa4 Bb8 98.Be1 Nf6 99.Bf2 Ne7
100.Qa6 Nc8 101.Bc4 Ne8 102.Qa1 Bc7 103.b3 Nf6 104.Be1 Ne8 105.Bc3 Qe7 106.Qa6 Qg7
107.Qb7 Qe7 108.Bd3 Qg7 109.Rc4 Qe7 110.Be1 Qg7 111.Bf2 Qd7 112.Ra4 Ke7 113.Rxa7 Nxa7
114.Qxa7 Nf6 115.Bxb6 Bxb6 116.Qxb6 Qc8+ 117.Bc4 Nd7 118.Qa7 Qd8 119.Kc3 Qb6
120.Qxb6 Nxb6 121.Kb4 Kd7 122.Ka5 Kc7 123.Ka6 Nc8 124.b6+ Nxb6 125.Bb5 Nc8
126.Ba4 Nb6 127.Be8 Nc8 128.Bf7 Ne7 129.Be6 Kd8 130.Kb6  1-0

[Event "Manila ol (Women)"]
[Site "Manila"]
[Date "1992.??.??"]
[Round "?"]
[White "Nutu Gajic, Dana"]
[Black "Xie Jun"]
[Result "0-1"]
[WhiteElo "2325"]
[BlackElo "2480"]

1.d4 Nf6 2.c4 g6 3.Nc3 Bg7 4.e4 O-O 5.Nf3 d6 6.Be2 e5 7.Be3 c6 8.O-O Na6
9.dxe5 dxe5 10.Qxd8 Rxd8 11.Rfd1 Re8 12.Nd2 Ng4 13.Bxg4 Bxg4 14.f3 Be6 15.Na4 b6
16.a3 Rad8 17.Rac1 f5 18.b3 Rd3 19.Bg5 h6 20.Nb2 Rd7 21.Be3 Bf8 22.b4 Red8
23.exf5 gxf5 24.f4 Bg7 25.Rc2 e4 26.Kf2 c5 27.b5 Nc7 28.Rg1 h5 29.h3 h4 30.g3 hxg3+
31.Rxg3 Kh7 32.Rg5 Bf6 33.h4 a6 34.bxa6 Ra8 35.Nb1 Rxa6 36.Bc1 Ne8 37.Rg1 Bd4+
38.Be3 Nf6 39.Nd1 Ng4+ 40.Ke2 Ra4 41.Nd2 Nxe3 42.Nxe3 Bxe3 43.Kxe3 Rxa3+
44.Ke2 Rh3 45.Rg2 Rd4 46.Rc1 Bf7  0-1

[Event "Manila ol (Women)"]
[Site "Manila"]
[Date "1992.??.??"]
[Round "?"]
[White "Matveeva, Svetlana"]
[Black "Makropoulou, Marina"]
[Result "1-0"]
[WhiteElo "2425"]
[BlackElo "2305"]

1.d4 Nf6 2.c4 g6 3.Nc3 Bg7 4.e4 d6 5.Be2 O-O 6.Nf3 e5 7.Be3 Nc6 8.d5 Ne7
9.Nd2 Ne8 10.c5 f5 11.f3 Kh8 12.Nc4 Ng8 13.O-O f4 14.Bf2 g5 15.cxd6 Nxd6
16.Rc1 Rf7 17.Qb3 h5 18.Nxd6 cxd6 19.Nb5 g4 20.Nxa7 g3 21.Bb6 Qh4 22.Rfd1 Qxh2+
23.Kf1 Bh3 24.Ke1 Bxg2 25.Nb5 Bf8 26.Nc7 Rc8 27.Ne6 Ra8 28.Kd2 Nf6 29.Kd3 Nxe4
30.Kxe4 Bh3 31.Kd3 e4+ 32.Kd2 exf3 33.Qxf3 Bg4 34.Rh1 Bxf3 35.Rxh2 gxh2 36.Bxf3 Rxa2
37.Bd4+ Kg8 38.Rh1 Bg7 39.Nxg7 Rxg7 40.Bxg7 Kxg7 41.Kc3 Ra5 42.Rxh2 Rc5+
43.Kd4  1-0

[Event "Mar del Plata op"]
[Site "Mar del Plata"]
[Date "1992.??.??"]
[Round "1"]
[White "Restifa, Hector"]
[Black "Garcia Palermo, Carlos"]
[Result "1-0"]
[WhiteElo "2320"]
[BlackElo "2465"]

1.d4 Nf6 2.c4 g6 3.Nc3 Bg7 4.e4 d6 5.Nf3 O-O 6.Be2 e5 7.d5 Na6 8.O-O Nc5
9.Qc2 a5 10.Bg5 h6 11.Be3 b6 12.Nd2 Ng4 13.Bxg4 Bxg4 14.a3 Bd7 15.b4 Nb7
16.Kh1 f5 17.exf5 Bxf5 18.Nde4 g5 19.f3 Qe7 20.Qd2 Rf7 21.Qe2 Raf8 22.g4 Bc8
23.Kg2 Bh8 24.h4 Bf6 25.Nxf6+ Qxf6 26.hxg5 hxg5 27.Ne4 Qg6 28.Bxg5 Rh7 29.Rh1 Rff7
30.Rxh7 Kxh7 31.Rh1+  1-0

[Event "Massy op"]
[Site "Massy"]
[Date "1992.??.??"]
[Round "1"]
[White "Marathee, Eric"]
[Black "Belkhodja, Slim"]
[Result "0-1"]
[WhiteElo "1720"]
[BlackElo "2415"]

1.d4 Nf6 2.c4 d6 3.Nf3 g6 4.Nc3 Bg7 5.e4 O-O 6.Be2 e5 7.d5 a5 8.O-O Na6 9.Ne1 Nc5
10.f3 Nh5 11.Nd3 b6 12.g3 Bh3 13.Re1 Nxd3 14.Qxd3 f5 15.Bf1 Bxf1 16.Rxf1 Qd7
17.Kg2 Rf7 18.Bd2 Raf8 19.Rf2 Bf6 20.Raf1 f4 21.g4 Ng7 22.Re2 Bh4 23.Qb1 h5
24.h3 Ne8 25.Be1 Bd8 26.Rg1 Rh7 27.Kf1 hxg4 28.hxg4 Rh3 29.Qd3 Nf6 30.Reg2 Nh7
31.Nb1 Ng5 32.Nd2 Qa4 33.a3 Qd1 34.Qe2 Qc2 35.b3 Kg7 36.Rh2 Rxh2 37.Qxh2 Rh8
38.Qg2 a4 39.bxa4 Qxa4 40.Rh1 Rxh1+ 41.Qxh1 Qxa3 42.Qg2 Qa4 43.Qe2 c6 44.dxc6 Qxc6
45.Nb1 Ne6 46.Nc3 Nd4 47.Qd3 Qa8 48.Ne2 Qa1 49.Nxd4 exd4 50.Ke2 Bf6 51.Bf2 Be5
52.Qd1 Qa2+ 53.Qd2 Qxc4+  0-1

[Event "Capablanca mem-B"]
[Site "Matanzas"]
[Date "1992.??.??"]
[Round "7"]
[White "Remon, Adelquis"]
[Black "Hernandez, Gilberto"]
[Result "0-1"]
[WhiteElo "2365"]
[BlackElo "2495"]

1.d4 Nf6 2.Nf3 g6 3.c4 Bg7 4.Nc3 O-O 5.e4 d6 6.Be2 e5 7.d5 a5 8.h4 Na6 9.Nd2 Nc5
10.Qc2 Bd7 11.Nf1 c6 12.Be3 cxd5 13.cxd5 Rc8 14.Nd2 Ng4 15.Bxg4 Bxg4 16.h5 Bd7
17.hxg6 hxg6 18.Nb3 Na4 19.Rc1 Nxc3 20.bxc3 f5 21.f3 b5 22.exf5 gxf5 23.Qf2 a4
24.Nd2 Qf6 25.Ke2 f4 26.Bb6 Bf5 27.Rhd1 Qg6 28.Ba5 Bd3+ 29.Ke1 Rf5 30.Ne4 Bxe4
31.fxe4 Rg5 32.Kf1 Qxe4 33.Qf3 Qg6 34.Qh3 Re8 35.c4 Rg3 36.Qh1 e4 37.Be1 e3
38.Kg1 e2 39.Rd2 f3  0-1

[Event "Melitopol Cup (Women)"]
[Site "Melitopol"]
[Date "1992.??.??"]
[Round "8"]
[White "Baklanova, Tatiana"]
[Black "Kovalevskaya, Ekaterina"]
[Result "0-1"]
[WhiteElo "2165"]
[BlackElo "2260"]

1.d4 Nf6 2.c4 d6 3.Nc3 Nbd7 4.e4 e5 5.Nf3 g6 6.Be2 Bg7 7.O-O O-O 8.Re1 c6
9.Bf1 a5 10.Rb1 Re8 11.d5 Nc5 12.b3 Bd7 13.dxc6 Bxc6 14.Qc2 Rc8 15.Ba3 Bf8
16.Rbd1 Qb6 17.g3 Ncxe4 18.Nxe4 Bxe4 19.Rxe4 Nxe4 20.Qxe4 d5 21.Rxd5 Bxa3
22.Rb5 Qc6 23.Qxc6 bxc6 24.Rxa5 Bb2 25.Ra7 Ra8 26.Rc7 Rxa2 27.c5 e4 28.Ng5 e3
29.Bc4 e2 30.Rd7 e1=Q+ 31.Kg2 Re4 32.Re7 Rxc4 33.Rxe1 Rc2 34.Re8+ Kg7 35.Re7 Kf6
36.Rxf7+ Kxg5 37.h4+ Kh6 38.g4 g5 39.hxg5+  0-1

[Event "Mesa op2"]
[Site "Mesa"]
[Date "1992.??.??"]
[Round "?"]
[White "Acebal, Antonio"]
[Black "Gomez, Adalberto"]
[Result "1-0"]
[WhiteElo "2295"]
[BlackElo "2325"]

1.Nf3 Nf6 2.c4 g6 3.Nc3 Bg7 4.e4 d6 5.d4 O-O 6.Be2 e5 7.Be3 Nc6 8.O-O h6
9.h3 Nd7 10.Re1 a6 11.Qd2 exd4 12.Nxd4 Nxd4 13.Bxd4 Bxd4 14.Qxd4 Qf6 15.Qd2 Kg7
16.Nd5 Qd8 17.Qd4+ f6 18.Rad1 Nc5 19.Qe3 Re8 20.Bd3 Be6 21.Nf4 Nxd3 22.Qxd3 Bf7
23.Qg3 Qe7 24.Re3 Kh7 25.Qg4 Rg8 26.b3 Rae8 27.h4 Qe5 28.Nd5 Bxd5 29.exd5 Qf5
30.Qxf5 gxf5 31.Rde1 Re5 32.f4 Rxe3 33.Rxe3 Rg4 34.Re7+ Rg7 35.Re8 Kg6 36.Kf2 Kh5
37.g3 Kg4 38.Kg2 a5 39.Rh8 Kh5 40.Rf8 Kg6 41.Re8 b6 42.Kf3 Kf7 43.Rc8 Kg6
44.Rf8 Rf7 45.h5+ Kg7 46.Re8 Rd7 47.g4 fxg4+ 48.Kxg4  1-0

[Event "Moscow rapid"]
[Site "Moscow"]
[Date "1992.??.??"]
[Round "?"]
[White "Chekhov, Valery A"]
[Black "Belov, Igor"]
[Result "1-0"]
[WhiteElo "2535"]
[BlackElo "2440"]

1.d4 Nf6 2.c4 g6 3.Nc3 Bg7 4.e4 d6 5.Be2 O-O 6.Nf3 e5 7.Bg5 h6 8.Bh4 exd4
9.Nxd4 Nc6 10.Nxc6 bxc6 11.O-O g5 12.Bg3 Re8 13.Qc2 Rb8 14.Rad1 Rxb2 15.Qxb2 Nxe4
16.Qc2 Nxc3 17.Rd2 Ne4 18.Rdd1 Nc3 19.Rd2 Nxe2+ 20.Rxe2 Rxe2 21.Qxe2 Be6
22.Rb1 c5 23.h3 Bd4 24.Rb7 a5 25.Ra7 Qb8 26.Rxa5 Qb4 27.Ra7 Bxc4 28.Qe8+ Kg7
29.Ra8 Qb2 30.Qh8+ Kg6 31.Rg8+ Kh5 32.Qh7 Qe2 33.Qf5 Be6 34.Rxg5+  1-0

[Event "Moscow3"]
[Site "Moscow"]
[Date "1992.??.??"]
[Round "?"]
[White "Naumkin, Igor"]
[Black "Muhutdinov, Marat"]
[Result "1/2-1/2"]
[WhiteElo "2460"]
[BlackElo "2440"]

1.d4 Nf6 2.c4 g6 3.Nc3 Bg7 4.e4 d6 5.Nf3 O-O 6.Be2 e5 7.d5 Na6 8.Bg5 h6 9.Bh4 g5
10.Bg3 Nh5 11.Nd2 Nf4 12.O-O Nc5 13.b4 Ncd3 14.Bxd3 Nxd3 15.Rb1 f5 16.exf5 a5
17.a3 axb4 18.axb4 Bxf5 19.Nde4 Nf4 20.c5 Qd7 21.f3 g4 22.fxg4 Bxg4 23.Qd2 Bf5
24.Rbe1 Bg6 25.Bxf4 exf4 26.Rxf4 Rxf4 27.Qxf4 Bd4+ 28.Kh1 Qg7 29.Ne2 Be5
30.Qh4 Rf8 31.cxd6 cxd6 32.N2g3 Qf7 33.h3 h5 34.Qg5 Bf4 35.Qh4 Be5 36.Qg5 Bf4
37.Qh4 Be5  1/2-1/2

[Event "Moscow Tal mem"]
[Site "Moscow"]
[Date "1992.??.??"]
[Round "?"]
[White "Naumkin, Igor"]
[Black "Zakharov, Alexander V"]
[Result "1-0"]
[WhiteElo "2430"]
[BlackElo "2365"]

1.d4 Nf6 2.c4 d6 3.Nf3 Nbd7 4.Nc3 e5 5.e4 g6 6.Be2 Bg7 7.O-O O-O 8.Be3 h6
9.dxe5 dxe5 10.Nd2 Nh7 11.c5 Ng5 12.b4 a5 13.a3 Ne6 14.Rc1 Nd4 15.Bc4 axb4
16.axb4 b6 17.Nb3 bxc5 18.bxc5 Nb8 19.Bxd4 exd4 20.Ne2 Bb7 21.f3 Nd7 22.Re1 Ne5
23.Nbxd4 Ra3 24.Nb5 Nxc4 25.Qxd8 Rxd8 26.Rxc4 Ra5 27.Nxc7 Rc8 28.c6 Rxc7
29.cxb7 Rxb7 30.Rec1 Be5 31.Kf2 Ra2 32.R1c2 Ra1 33.g3 h5 34.f4 Bb8 35.Kg2 Kg7
36.Nd4 Ba7 37.Nf3 Bb8 38.e5 Ra6 39.Rc8  1-0

[Event "Moscow rapid"]
[Site "Moscow"]
[Date "1992.??.??"]
[Round "?"]
[White "Lputian, Smbat G"]
[Black "Glek, Igor V"]
[Result "1-0"]
[WhiteElo "2585"]
[BlackElo "2520"]

1.d4 Nf6 2.c4 g6 3.Nc3 Bg7 4.e4 d6 5.Nf3 O-O 6.Be2 e5 7.Be3 a5 8.O-O Na6
9.dxe5 dxe5 10.Qxd8 Rxd8 11.h3 Nd7 12.Rfd1 Re8 13.a3 Bf8 14.b4 axb4 15.axb4 Bxb4
16.Nd5 Bf8 17.Rxa6 Rxa6 18.Nxc7 Ree6 19.c5 Rec6 20.Nxa6 bxa6 21.Bc4 Bxc5
22.Bd5 Rc7 23.Ng5 Bxe3 24.Bxf7+ Kg7 25.fxe3 Nf6 26.Bd5 Rc3 27.Nf3 Rxe3 28.Kf2 Nxd5
29.exd5 Rc3 30.d6 e4 31.d7 Bxd7 32.Rxd7+ Kf6 33.Ng1 a5 34.Ne2 Rb3 35.Ra7 Ra3
36.Rxh7 a4 37.Ra7 Ra2 38.Ke3 a3 39.g3 Ra1 40.Nc3 Re1+ 41.Kf2 Ra1 42.Ra5 Ke6
43.h4 Kd7 44.Ke3 Kc6 45.Kxe4 Kb6 46.Ra4 Kc5 47.Kf4 Rf1+ 48.Kg4 Re1 49.Rxa3 Kb4
50.Ra6 Kxc3 51.Rxg6 Kd4 52.h5 Ke5 53.Kg5 Rf1 54.g4 Rf8 55.h6 Rh8 56.Ra6 Rg8+
57.Kh5 Rh8 58.g5 Rb8 59.h7 Kf5 60.Rf6+ Ke5 61.Kh6  1-0